000 00912cam a2200313 a 4500
001 3752283
003 OSt
005 20170208131824.0
008 820510s1982 nyu 000 1 eng
020 _a0345350499:
_c$16.95
040 _aDLC
_cDLC
_dDLC
050 0 0 _aPS3552.R228
_bM5 1982
082 0 0 _a813/.54
_219
100 1 _aBradley, Marion Zimmer.
245 1 4 _aThe mists of Avalon /
_cMarion Zimmer Bradley.
250 _a1st ed.
260 _aNew York :
_bKnopf,
_c1982.
300 _axi, 876 p. ;
_c25 cm.
600 0 0 _aArthur,
_cKing
_vFiction.
650 0 _aAvalon (Legendary place)
_vFiction.
650 0 _aArthurian romances
_vAdaptations.
650 0 _aKings and rulers
_vFiction.
650 0 _aBritons
_vFiction.
655 7 _aHistorical fiction.
_2gsafd
655 7 _aFantasy fiction.
_2gsafd
906 _a7
_bcbc
_corignew
_d1
_eocip
_f19
_gy-gencatlg
942 _2lcc
_cBK
999 _c255435
_d255434